Allgemeinwissen nach Buchstabe - E - Statistiken

Allgemein
  • Dieses Quiz wurde 143 mal gespielt
  • Das Durchschnittsergebnis liegt bei 13 aus 16
Antwortstatistiken
Hint Antwort % Korrekt
Wahrzeichen in Paris Eiffelturm
100%
Währung, die 1999 eingeführt wurde Euro
99%
Staatenverbund aus 27 Staaten mit insgesamt ca. 450 Millionen Einwohnern Europäische Union
99%
Land mit Hauptstadt Talinn Estland
98%
Stellte die Relativitätstheorie auf (Nachname) Albert Einstein
97%
Nationalsport in Kanada Eishockey
93%
Hauptstadt von Schottland Edinburgh
88%
Mitteleuropäischer Strom, der durch Deutschland und Tschechien fließt Elbe
88%
Lebewesen, die nur aus einer Zelle bestehen Einzeller
85%
US-amerikanisches Unternehmen, das einen der größten Online-Marktplätze betreibt Ebay
74%
In diesem Teilbereich der Biologie machte Charles Darwin wichtige Entdeckungen Evolution
74%
Natürliche Abtragung von Gestein und Boden durch bspw. Wasser oder Wind Erosion
68%
Irland in der Landessprache Eire
67%
Insel, auf die Napoleon verbannt wurde Elba
67%
US-Präsident während des Kalten Krieges (Nachname) Dwight D. Eisenhower
63%
Kunst- und Literaturepoche Anfang des 20. Jahrhunderts Expressionismus
38%
Keine übereinstimmenden Quizze gefunden
Verteilung der Resultate
Anzahl Personen mit jedem Resultat
Perzentil nach korrekt beantworteten Fragen
Ihre Resultats-Entwicklung
Sie haben dieses Quiz noch nicht gespielt